00797nam a2200205 a 450000100100000000500170001000800410002702000150006804000250008310000480010824500820015626000460023830000210028449000140030565000320031965000280035170000450037995201500042499900170057400003472820200930073851.0111019s1990 ve 000 f spa d a9800103082 aDO-SdBNPbspacBNPHU1 aPocaterra, José Rafael,d1888-195596019510aVidas oscuras /cJosé Rafael Pocaterra ; prólogo María Josefina Tejera. aCaracas :bMonte Ávila Editores,c1990. a285 p. ;c16 cm.0 aEl dorado24aLiteratura venezolana9381624aNovela venezolana939621 aTejera, María Josefina,epról.98980 0010507-18MOaGRbGRcOId2011-10-19iLF1l0o p34728-10r2020-06-25w2020-06-25y1zBiblioteca Juan Isidro Jiménes GrullónZNo se presta c34219d34219